000 00642ngm a22002410a 4500
001 PT16717
003 AR-LpoUNG
005 20210202000234.0
007 vd cvaizq
008 191001s1938||||ag |||||||||||||||||eng d
037 _c$6.63
040 _aAR-LpoUNG
_bspa
_cAR-LpoUNG
_eaacr
044 _aag
082 0 _a817 464pib
100 1 _aChaplin, Charles
_edir.
245 1 3 _aEl pibe = The kid
260 _aBuenos Aires :
_bCultural Video,
_c[1938].
300 _aVHS (60 min.) : son., byn
505 0 _aIncluye Carlitos jugador de golf. Película clásica del cine mudo
653 _aVIDEOS
905 _a16717
942 _cVIDEO
999 _c54413
_d54413